Statistiques concernant Harry Potter:le Souvenir de la rencontre de Gaunt et Jedusor

Cliquez ici pour prendre le quiz!

Statistiques générales

  • Ce quiz a été pris 29 fois
  • Le résultat moyen est 10 sur 11

Statistiques - réponses

InformationRéponses% Correct
ObservateurAlbus Dumbledore
100%
ObservateurHarry Potter
100%
Première apparitionHarry Potter et le Prince de Sang-Mêlé
100%
Dernière apparitionHarry Potter et le Prince de Sang-Mêlé
100%
Personnage présentTom Jedusor
91%
Personnage mentionnéTom Jedusor Sr
91%
Lieu de l'observationBureau d'Albus Dumbledore
87%
Lieu du souvenirMaison des Gaunt
87%
Personnage mentionnéMerope Gaunt
83%
Propriétaire du souvenirMorfin Gaunt
74%
Personnage mentionnéElvis Gaunt
65%

Distribution des résultats

Percentile par nombre de réponses

% des personnes avec chaque résultat

Votre développement - résultats

Vous n’avez pas pris ce quiz